书目信息 |
| 题名: |
美国
|
|
| 作者: | 梅仁毅 主编 | |
| 分册: | ||
| 出版信息: | 重庆 重庆出版社 2004.05 |
|
| 页数: | 437页, [9] 页图版 | |
| 开本: | 21cm | |
| 丛书名: | 世界列国国情习俗丛书 | |
| 单 册: | ||
| 中图分类: | K971.2 | |
| 科图分类: | ||
| 主题词: | ||
| 电子资源: | ||
| ISBN: | 7-5366-6635-7 | |
| 000 | 01008nam 2200277 450 | |
| 001 | 012008800644 | |
| 005 | 20080721172353.95 | |
| 010 | @a7-5366-6635-7@dCNY25.50 | |
| 100 | @a20080721d2004 em y0chiy0120 ea | |
| 101 | 0 | @achi |
| 102 | @aCN@b510000 | |
| 105 | @aacfha 000yy | |
| 106 | @ar | |
| 200 | 1 | @a美国@Amei guo@d= The united states of America@f梅仁毅主编@Fmei ren yi zhu bian@zeng |
| 210 | @a重庆@c重庆出版社@d2004.05 | |
| 215 | @a437页, [9] 页图版@c图, 肖像, 摹真@d21cm | |
| 225 | 2 | @a世界列国国情习俗丛书@Ashi jie lie guo guo qing xi su cong shu |
| 320 | @a有书目 (第433-437页) | |
| 330 | @a本书分为美丽富饶的国家、民族和宗教、政治制度、经济发展等十四章。书中不仅介绍了美国的地理环境,更对美国历史、风土人情、经济建设进行了叙述。 | |
| 410 | 0 | @12001 @a世界列国国情习俗丛书 |
| 510 | 1 | @aUnited States of America@zeng |
| 607 | @a美国@Amei guo@x概况 | |
| 690 | @aK971.2@v4 | |
| 701 | 0 | @a梅仁毅@Amei ren yi@4主编 |
| 801 | 0 | @aCN@bQSSK@c20080721 |
| 905 | @b731092-94@dK971.2@eM453@f3 | |
| 美国= The united states of America/梅仁毅主编.-重庆:重庆出版社,2004.05 |
| 437页, [9] 页图版:图, 肖像, 摹真;21cm.-(世界列国国情习俗丛书) |
| ISBN 7-5366-6635-7:CNY25.50 |
| 本书分为美丽富饶的国家、民族和宗教、政治制度、经济发展等十四章。书中不仅介绍了美国的地理环境,更对美国历史、风土人情、经济建设进行了叙述。 |
| ● |
| 相关链接 |
|
|
|
正题名:美国
索取号:K971.2/M453
 
预约/预借
| 序号 | 登录号 | 条形码 | 馆藏地/架位号 | 状态 | 备注 |
| 1 | 731092 | 207310925 | 社科库309/309社科库 29排4列1层/ [索取号:K971.2/M453] | 在馆 | |
| 2 | 731093 | 207310934 | 社科库309/309社科库 29排4列1层/ [索取号:K971.2/M453] | 在馆 | |
| 3 | 731094 | 207310943 | 社科库309/309社科库 29排4列1层/ [索取号:K971.2/M453] | 在馆 |